000
00291nam a22001217a 4500
008
181123b xxu||||| |||| 00| 0 eng d
041
_a
eng
080
_a
043.3
100
_a
0
101
_a
BTH-MK
245
_a
Digjitalizimi dhe Pluraliteti Medial në Kosovë
_c
Veliu,Xh
942
_2
udc
_c
BK
999
_c
52451
_d
52451